Nuestros hijos y la vida de familia / J. Vimort ; versión castellana de José Olives

Zapisane w:
Opis bibliograficzny
1. autor: Vimort, J. (autor)
Format: Książka
Hasła przedmiotowe:
Etykiety: Dodaj etykietę
Nie ma etykietki, Dołącz pierwszą etykiete!

MARC

LEADER 00000nam^a2200000^u^4500
001 000551454
005 20250521000000.0
008 060220s1000^^^^^^^^^^^^r^^^^^000^0^spa^d
009 20260310131556.085
035 |a FMI 000021238 
037 |a Acervo Xavier Clavigero 
096 |a 5.6.6/23/E 
100 |a Vimort, J.  |e (autor) 
245 1 0 |a Nuestros hijos y la vida de familia / J. Vimort ; versión castellana de José Olives 
264 |a Barcelona : Herder, 1965 
300 |a 141 p. 
336 |a texto  |b txt  |2 rdacontenido 
337 |a sin mediación  |b n  |2 rdamedio 
338 |a volumen  |b nc  |2 rdasoporte 
597 |a Título original: La vie de famille 
649 |a XX 
650 |a Hombre y Mundo Actual 
910 |a Fondo Francisco Migoya Covarrubias S.J. 
920 |a Impresos - Libros 
930 |a Fondos Especiales 
905 |a 134 
901 |a SBC24692  |b IT2  |c ESP  |u 20250521 
902 |a https://opac.biblio.iteso.mx/vufind/Record/000551454